00841 2200277 4500001002100000005001500021035002500036008004100061020002200102040001700124082001800141084002000159100002600179245009600205250001100301260003000312300004200342504003100384650004300415850001200458007000300470090002400473090002200497999002200519990002200541INLIS00000000001664120200519033513 a0010-011600000000732160126s2015 yoia g ind d a978-979-294-844-8 aYOPDYOGbind04222a275.98515 a275.98515 IWA b0 aI Wayan Sunaryad194500aBlimbingsari selayang pandang lentera di tengah hutan madurgama /cpenulis, I Wayan Sunarya aCet. 13 aYogyakarta :bAndi,c2015 axii, 83 halaman :bilustrasi ;c21 cm aBibliografi: halaman 63-64 4aBlimbingsari--xGereja sejarah--zBali aYOPDYOGta aDEP 275.98515 IWA b aCB-D.11 2015-1042 aCB-D.11/2015-1042 aCB-D.11/2015-1042